Highest Grossing 2000s Movies - Statistics

General Stats
  • This quiz has been taken 127 times
  • The average score is 10 of 20
Answer Stats
Gross Clue Movie % Correct
$404 m Man gets bitten by a spider, inherits spider like powers. Spider-Man
94%
$530 m Billionaire dresses as a bat to fight a clown. The Dark Knight
84%
$441 m Ogre makes a wish to live in his happily ever after, hijinks ensue. Shrek 2
75%
$750 m Dances with Wolves but set in space. Avatar
72%
$315 m Band of nine adventurer's begin quest to return a piece of jewelry. Lord of the Rings: The Fellowship of the Ring
65%
$318 m Billionaire, genius, playboy, philanthropist develops suit of armor. Iron Man
62%
$323 m Ogre finds out he's about to have kids, has mid life crisis. Shrek the Third
54%
$319 m Giant alien robots convince love lorne teenager to help them find their magic cube. Transformers
54%
$373 m Man with insect like powers must do battle with man with sea creature nickname. Spider-Man 2
50%
$318 m Closet ridden boy finds out he's a wizard. Harry Potter and the Sorcerer's Stone
48%
$337 m Man continues insect like crusade while protecting New York from sand monster and weird alien parasite. Spider-Man 3
47%
$340 m Overprotective father must search the sea for his missing son. Finding Nemo
42%
$380 m Former best friends have epic battle over a field of lava. Star Wars: Revenge of the Sith
41%
$377 m Two friends and their ungangly companion destroy a piece of jewelry. Lord of the Rings: Return of the King
39%
$342 m Three unlikely companions join elderly wizard to defend a strong hold. Lord of the Rings: The Two Towers
39%
$423 m Motley band of swashbucklers must avoid sea monsters while searching for a hidden chest. Pirates of the Caribbean: Dead Man's Chest
37%
$402 m Giant alien robots fight other giant alien robots on top of the pyramids. Transformers: Revenge of the Fallen
30%
$370 m Man dies for your sins. Passion of the Christ
24%
$317 m Aging archaeologist searches South America for proof of aliens. Indiana Jones and the Kingdom of the Crystal Skull
22%
$309 m Unruly band of pirates must travel to the after life to rescue one of their own. Pirates of the Caribbean: At World's End
21%
No matching quizzes found
Score Distribution
Percent of People with Each Score
Percentile by Number Answered
Your Score History
You have not taken this quiz